Personnel managers at work; (Record no. 85355)

MARC details
000 -LEADER
fixed length control field 00767nam a2200205 4500
001 - CONTROL NUMBER
control field sa 68013803
003 - CONTROL NUMBER IDENTIFIER
control field DLC
005 - DATE AND TIME OF LATEST TRANSACTION
control field 20260227112626.0
008 - FIXED-LENGTH DATA ELEMENTS--GENERAL INFORMATION
fixed length control field 691209s1968 ii 00000 eng
010 ## - LIBRARY OF CONGRESS CONTROL NUMBER
LC control number sa 68013803
025 ## - OVERSEAS ACQUISITION NUMBER
Overseas acquisition number PL480:I-E-10207
050 0# - LIBRARY OF CONGRESS CALL NUMBER
Classification number HF5549
Item number .H87
082 ## - DEWEY DECIMAL CLASSIFICATION NUMBER
Classification number 658.3/00954
110 20 - MAIN ENTRY--CORPORATE NAME
Corporate name or jurisdiction name as entry element Human Resources Foundation.
245 1# - TITLE STATEMENT
Title Personnel managers at work;
Remainder of title comparative survey of personnel policies of major companies in India.
Statement of responsibility, etc. With an introd. on the history and growth of personnel management in India, by Ram S. Tarneja.
260 1# - PUBLICATION, DISTRIBUTION, ETC.
Place of publication, distribution, etc. Madras
Date of publication, distribution, etc. [1968]
300 ## - PHYSICAL DESCRIPTION
Extent 52, 202 p.
Dimensions 22 cm.
650 #0 - SUBJECT ADDED ENTRY--TOPICAL TERM
Topical term or geographic name entry element Personnel management
Geographic subdivision India.
700 11 - ADDED ENTRY--PERSONAL NAME
Personal name Tarneja, Ramnarain Sukhraj,
Dates associated with a name 1931-
Title of a work History and growth of personnel management in India.

No items available.

Powered by Koha